| 000 | 00482nam a2200181Ia 4500 | ||
|---|---|---|---|
| 005 | 20250423100350.0 | ||
| 008 | 250422s9999 xx 000 0 und d | ||
| 020 | _a9780136271901 | ||
| 050 | _aTA 347.F5 .B38/ | ||
| 100 | _aBathe, Klaus-Jurgen | ||
| 245 | 0 | _aNumerical methods in finite element analysis | |
| 260 | _aNew Jersey | ||
| 260 | _bPrentice-Hall, Inc. | ||
| 260 | _c2018 | ||
| 300 | _a528 p | ||
| 650 | _a Finite element method. Numerical analysis. | ||
| 942 | _cBK | ||
| 999 |
_c33091 _d33091 |
||